Gdynia - prawda czy fałsz? - Statystyki

Ogólne statystyki
  • Ten quiz został rozwiązany 79 razy
  • Średni wynik to 15 z 20
Statystyki odpowiedzi
Zagadnienie Odpowiedź % Poprawnych
W Gdyni zacumowany jest okręt-muzeum ORP ,,Błyskawica" Prawda
100%
Gdynia jest najludniejszym miastem Trójmiasta Fałsz
97%
Jedną z dzielnic Gdyni jest Redłowo Prawda
97%
W Gdyni istnieje rozbudowana sieć komunikacji trolejbusowej Prawda
97%
Najwyższym budynkiem w Gdyni jest 141-metrowy wieżowiec Sea Towers Prawda
97%
Corocznie na terenie lotniska Gdynia-Kosakowo odbywa się Open'er Festival Prawda
95%
Z Gdyni odbywają się regularne rejsy promowe, m.in. do szwedzkiej Karlskrony Prawda
92%
Gdynia uzyskała prawa miejskie dopiero w XX wieku Prawda
91%
Gdynia była głównym portem morskim Polski w tzw. międzywojniu Prawda
89%
Pierwszym polskim wójtem Gdyni był Jan Radtke Prawda
83%
Najludniejszą dzielnicą jest Obłuże Fałsz
82%
Gdynia nie graniczy z Gdańskiem Fałsz
78%
Podczas II wojny światowej Gdynia była kluczową bazą niemieckiej Kriegsmarine Prawda
75%
Istnieje powiat ziemski gdyński Fałsz
65%
Janek Wiśniewski to prawdziwe imię i nazwisko jednego z zabitych robotników podczas tzw. Grudnia '70 Fałsz
65%
Adolf Hitler nigdy nie zjawił się w Gdyni Fałsz
62%
Powyższa sieć komunikacji miejskiej została wprowadzona podczas okupacji niemieckiej Prawda
57%
Z roku na rok w Gdyni przybywa ludności Fałsz
43%
Gdynia została zdobyta przez Niemców 19 września 1939 Fałsz
38%
Jeden z inżynierów portu, Eugeniusz Kwiatkowski, urodził się i jest pochowany w Gdyni Fałsz
31%
Nie znaleziono quizów pasujących do podanych kryteriów
Rozkład punktacji
Procent ludzi z każdym wynikiem
Percentyl według liczby udzielonych odpowiedzi
Twoja historia wyników
Nie rozwiązałeś tego quizu